Elektroprivod s linejnymi asinchronnymi dvigatel´jami /

Uložené v:
Podrobná bibliografia
Hlavní autori: Sokolov, Michail Michajlovič (Author), Sorokin, Lev Konstantinovič (Author)
Médium: Kniha
Jazyk:Russian
Vydané: Moskva : Energija, 1974.
Vydanie:1. izd.
ISBN: (brož.)
Fyzický popis: 135 s.
Tagy: Pridať tag
Žiadne tagy, Buďte prvý kto otaguje tento záznam!

MARC

LEADER 00000nam a2200000 a 4500
001 000110213
005 20091022181720.0
008 040101s1974 ru e rus d
020 |a (brož.) 
040 |a SVKKK  |b slo  |c SVKKK  |e AACR2 
041 0 |a rus 
044 |a ru  |c RU 
100 1 |a Sokolov, Michail Michajlovič  |4 aut 
245 1 0 |a Elektroprivod s linejnymi asinchronnymi dvigatel´jami /  |c Michail Michajlovič Sokolov, Lev Konstantinovič Sorokin. 
250 |a 1. izd. 
260 |a Moskva :  |b Energija,  |c 1974. 
300 |a 135 s. 
700 1 |a Sorokin, Lev Konstantinovič  |4 aut 
910 |a svkkk 
998 |a BK 
090 |g SCKHL  |k Sklad Pribinova 2. posch.  |a II.217374  |j 529629  |i 110213-10  |s Absenčne